| 000 | 01133 a2200289 4500 | ||
|---|---|---|---|
| 005 | 20140903175016.0 | ||
| 008 | 140120s2012 sp ||||fr|||| 00| 0 spa d | ||
| 020 | _a9788498793567 | ||
| 040 |
_aCO-BoUCM _bspa _cJose A. Gerena _dHenry Ríos |
||
| 041 | 0 | 0 | _aspa |
| 245 | 0 | 0 |
_aInstrumentos y regímenes de Cooperación Internacional _cdirigido por Fernando M. Mariño Menéndez ; Montserrat Abad Castelos...[y otros] |
| 260 |
_c2012 _bTrotta _aMadrid (España) |
||
| 300 | _a213 páginas | ||
| 490 |
_aEstructuras y procesos _aSerie derecho |
||
| 504 | _aIncluye referencias bibliográficas | ||
| 650 | 4 |
_921425 _aPersonas (Derecho internacional) |
|
| 650 | 7 |
_911969 _aCooperación internacional |
|
| 650 | 7 |
_97498 _aDerecho internacional público |
|
| 650 | 7 |
_97499 _aDerechos humanos |
|
| 690 |
_942772 _aDerecho internacional |
||
| 700 | 1 |
_aAbad Castelos, Montserrat _953670 |
|
| 700 | 1 |
_aAlcoceba Gallego, Amparo _953671 |
|
| 700 | 1 |
_aCebada Romero, Alicia _953672 |
|
| 700 | 1 |
_aMariño Menéndez, Fernando M. _edirector _953654 |
|
| 942 |
_a8 _cLIBRO _e1 _mI599 _2DEWEY _h341.7 |
||
| 999 |
_c184105 _d184105 |
||